| 000 | 02019njc a22002651u 4500 | ||
|---|---|---|---|
| 008 | 110629s2000 enk|||||s|||| 00| 0 eng d | ||
| 020 | _a0582429722 | ||
| 020 | _a9780582429727 | ||
| 082 |
_a428.0076 _bACK _222 |
||
| 100 |
_aAcklam, Richard. _925965 |
||
| 245 |
_aFirst Certificate Gold : _bCoursebook.2 Cassettes / _cRichard Acklam with Sally Burgess. |
||
| 260 |
_aHarlow : _bLongman, 2000. _c2000. |
||
| 300 |
_a2 sound cassettes (117 min.) : _b3 3/4 ips, mono. ; _c7 1/4 x 3 1/2 in., 1/4 in. tape |
||
| 650 |
_aEnglish language _vTextbooks for foreign speakers. _925966 |
||
| 700 |
_aBurgess, Sally. _925967 |
||
| 942 |
_cCT _k428.0076 ACK _2ddc |
||
| 999 |
_c5262 _d5262 |
||